00536 2200169 4500001002100000005001500021035002000036008004100056245010100097100001900198260004700217300002400264084002000288082001000308650002800318990002000346INLIS00000000000380220250109021654 a0010-0125000093250109 0 eng 1 aBenjamin Harrison 1833-1901 :bChronology-Documents-Bibliographical Aids /cHarry Joseph Sievers aSievers, Harry aNew York :bOceana Publications Inc,c1969 a89 hlm. ;c16x24 cm a923.1 SIE B C.1 a923.1 4aBiografi Kepala Negara a870511200006757